| 000 | 00532nam a22001817a 4500 | ||
|---|---|---|---|
| 005 | 20251108164659.0 | ||
| 008 | 250721s1979 xx 000 0 ara d | ||
| 082 | 1 | 4 | _a811.1/زوز |
| 100 | 1 | _aالزوزني، أبو عبد الله الحسين بن أحمد | |
| 245 | 1 | 0 | _aشرح المعلقات السبع / |
| 250 | _aط3. | ||
| 264 | 1 |
_aبيروت : _bدار الجيل، _c1979. |
|
| 300 | _a236 ص | ||
| 650 | 1 | 7 | _aالشعر العربي |
| 650 | 1 | 7 | _aالعصر الجاهلي |
| 942 |
_2ddc _cBK |
||
| 999 |
_c11696 _d11696 |
||